000 00798nam a2200253 4500
001 9184
003 BD-RjUL
005 20211208234731.0
008 140120s1970 enka b 001 0 eng
035 _a(BD-RjUL)9229
040 _aBD-RjUL
_cBD-RjUL
_beng
041 _aeng
082 0 0 _a621.38152
_216
_bRAI 1977
100 1 _aRao, K. J. M.
_928499
245 1 0 _aIntroduction to semiconductor devices :
_ck. J. M. Rao.
_b( A companion volume to autho's other books entitled "introduction to electronics") /
260 _aNew Delhi :
_bOxford & IBH,
_c1977.
300 _a220 p. :
_billus. ;
_c23 cm.
350 _a30/-
504 _aIncludes Bibliographical reference and index.
650 0 _aSemiconductors.
_928029
942 _2ddc
_cBK
999 _c9184
_d9184